书目信息 |
| 题名: |
工业水处理技术及化学品
|
|
| 作者: | 郑书忠 主编 | |
| 分册: | ||
| 出版信息: | 北京 化学工业出版社 2010.8 |
|
| 页数: | 997页 | |
| 开本: | 26cm | |
| 丛书名: | ||
| 单 册: | ||
| 中图分类: | TQ085 | |
| 科图分类: | ||
| 主题词: | 工业用水--水处理 , 工业用水--水处理料剂 , 工业用水 , 水处理 , 水处理料剂 | |
| 电子资源: | ||
| ISBN: | 978-7-122-07763-9 | |
| 000 | 01029nam0 2200289 45 | |
| 001 | 1355422686 | |
| 005 | 20130513151346.89 | |
| 010 | @a978-7-122-07763-9@b精装@dCNY188.00 | |
| 100 | @a20130108d2010 em y0chiy50 ea | |
| 101 | 0 | @achi |
| 102 | @aCN@b110000 | |
| 105 | @ay z 000yy | |
| 106 | @ar | |
| 200 | 1 | @a工业水处理技术及化学品@AGong Ye Shui Chu Li Ji Shu Ji Hua Xue Pin@dWater treatment technology and chemicals@f郑书忠主编@FZheng Shu Zhong Zhu Bian@zeng |
| 210 | @a北京@c化学工业出版社@d2010.8 | |
| 215 | @a997页@d26cm | |
| 330 | @a本书论述了水处理技术的主要原理和各类单元操作,阐述了水处理技术在各行各业的应用,介绍了水处理化学品的性质、制法、分析检验方法和相关标准。 | |
| 510 | 1 | @aWater treatment technology and chemicals@zeng |
| 606 | 0 | @a工业用水@x水处理 |
| 606 | 0 | @a工业用水@x水处理料剂 |
| 606 | 0 | @a工业用水 |
| 606 | 0 | @a水处理 |
| 606 | 0 | @a水处理料剂 |
| 690 | @aTQ085@v5 | |
| 701 | 0 | @a郑书忠@AZheng Shu Zhong@4主编 |
| 801 | @aCN@bTANGWEI@c20130112 | |
| 905 | @b0831234-36@dTQ085@e206@f3 | |
| 工业水处理技术及化学品=Water treatment technology and chemicals/郑书忠主编.-北京:化学工业出版社,2010.8 |
| 997页;26cm |
| ISBN 978-7-122-07763-9(精装):CNY188.00 |
| 本书论述了水处理技术的主要原理和各类单元操作,阐述了水处理技术在各行各业的应用,介绍了水处理化学品的性质、制法、分析检验方法和相关标准。 |
| ● |
| 相关链接 |
|
|
|
|
正题名:工业水处理技术及化学品
索取号:TQ085/206
 
预约/预借
| 序号 | 登录号 | 条形码 | 馆藏地/架位号 | 状态 | 备注 |
| 1 | 0831234 | 208312342 | 第二样本阅览室/ [索取号:TQ085/206] | 在馆 | |
| 2 | 0831235 | 208312351 | 第三借阅区/ [索取号:TQ085/206] | 在馆 | |
| 3 | 0831236 | 208312360 | 密集书库-化学系/ [索取号:TQ085/206] | 在馆 |